000 00316nam a2200133Ia 4500
005 20260328104322.0
008 260328s9999||||xx |||||||||||||| ||und||
100 _aFoster, Norman
245 0 _aNorman Foster /
_cNorman Foster
260 _bGustavo Gili
300 _a263 p.
650 _aARQUITECTURA
942 _cBK
999 _c11372
_d11372